| 000 | 01022cab a2200265 4500 | ||
|---|---|---|---|
| 001 | ABS57310 | ||
| 008 | 090401t1997 xxu||||| |||| 00| 0 eng d | ||
| 035 | _a(Sirsi) u79650 | ||
| 041 | _aeng | ||
| 100 | _aLewison, K. | ||
| 245 | 2 | _aA high price for ignoring rights | |
| 260 | _c1997 | ||
| 350 | _a0 | ||
| 490 |
_aProperty Week _v60(1) 4 July 1997, 23(1) |
||
| 520 | _aOutlines how a business tenant may have the right to acquire the freehold of a property they are leasing following the serving of a section 25 notice. Critique of the findings in "Keepers and Governors...of the Free Grammer School of John Lyon v Mayhew" (ABS56875). | ||
| 650 | _aESTOPPEL | ||
| 650 | _aKEEPERS AND GOVERNORS OF THE FREE GRAMMAR SCHOOL OF JO | ||
| 650 | _aLEASEHOLD ENFRANCHISEMENT | ||
| 650 | _aLEASEHOLD REFORM ACT 1967 | ||
| 650 | _aLEASEHOLD REFORM, HOUSING AND URBAN DEVELOPMENT ACT 1993 | ||
| 650 | _aSECTION 25 NOTICES | ||
| 690 | _aLANDLORD AND TENANT-BUSINESS TENANCIES | ||
| 942 | _n0 | ||
| 948 | _c16/07/1997 | ||
| 999 |
_c50094 _d50094 |
||